Top 10 highest paid footballers - 2020 - Statistics

General Stats
  • This quiz has been taken 81 times
  • The average score is 7 of 10
Answer Stats
# Earnings Name % Correct
1 $126m Lionel Messi
100%
2 $117m Cristiano Ronaldo
99%
3 $96m Neymar
93%
4 $42m Kylian Mbappe
87%
5 $37m Mohamed Salah
61%
9 $28m Robert Lewandowski
57%
6 $34m Paul Pogba
55%
7 $33m Antoine Griezmann
51%
8 $29m Gareth Bale
42%
10 $27m David De Gea
28%
No matching quizzes found
Score Distribution
Percent of People with Each Score
Percentile by Number Answered
Your Score History
You have not taken this quiz